00723 a2200181 4500003000500000005001700005040000900022082001000031245005700041260004000098300001100138505021000149538003200359650001800391942001200409999001900421952010100440Nust20170207154215.0 cNust a378.4 aNorthumbria - UG Prospectus 1999cUni of Northumbria aNewcastlebUni of Northumbriac1999 a192 p. aGeneral Information (Page-6 to 30) The Campuses (Page-34) The Courses (page-40) Arts (Page-40) Carlisle (Page-68) Engineering (page-76) Health (page-128) Business (Page-146) Social Sciences (Page-166)  aAlmirah No. 117 Shelf No. 1 aUG Prospectus 2ddccBK c195088d195088 00102ddc40708NFICaMCSbMCSd2016-12-12l0o378.4 NORpMCSPS-11r2016-12-08w2016-12-12yBK